| 000 | 00491nam a2200169 i 4500 | ||
|---|---|---|---|
| 001 | 141605 | ||
| 003 | ES-MaACL | ||
| 005 | 20251005063116.0 | ||
| 007 | t| | ||
| 008 | 070926s1909 fr ||||1| fre d | ||
| 100 | 0 |
_aVilliers de L'Isle-Adam, Auguste, _ccomte de _9115262 |
|
| 245 | 1 | 1 |
_aL'Eve future / _cComte de Villiers de L'Isle. |
| 260 |
_aParis : _b[s.n.], _c1909 ( _fL. Maretheux) |
||
| 300 |
_a379 p. ; _c18 cm. |
||
| 852 |
_aES-MaACL _jG-14857 |
||
| 999 |
_c141605 _d141605 |
||